Schums' Outlines Applied Physics (Record no. 319428)

MARC details
000 -LEADER
fixed length control field 00388nam a2200157Ia 4500
008 - FIXED-LENGTH DATA ELEMENTS--GENERAL INFORMATION
fixed length control field 230718s9999 xx 000 0 und d
041 ## - LANGUAGE CODE
Language code of text/sound track or separate title eng
082 ## - DEWEY DECIMAL CLASSIFICATION NUMBER
Classification number 530
Item number BEI
100 ## - MAIN ENTRY--PERSONAL NAME
Personal name Beiser A.
245 ## - TITLE STATEMENT
Title Schums' Outlines Applied Physics
250 ## - EDITION STATEMENT
Edition statement 4th ed
260 ## - PUBLICATION, DISTRIBUTION, ETC. (IMPRINT)
Name of publisher, distributor, etc. Tata Mc-Graw Hill
365 ## - TRADE PRICE
Currency code Rs.
Price amount 260.00
700 ## - ADDED ENTRY--PERSONAL NAME
Personal name Beiser A.
906 ## - LOCAL DATA ELEMENT F, LDF (RLIN)
d B:451120-Aug-2008
c ALLEDS
b 52
Holdings
Withdrawn status Lost status Damaged status Not for loan Home library Current library Date acquired Vendor Budget Code Cost, normal purchase price Bill number Total Checkouts Full call number Barcode Date last seen Discount Cost, replacement price Bill Date Koha item type Original Barcode
        Cummins College of Engineering for Women Pune Cummins College of Engineering for Women Pune 11/10/2008 Varma Book Distributors ALLEDS 208.00 4511   530 CCEP-BK-30635 18/07/2023 52 260.00 20/08/2008 Books 030635